000 00289nam a2200097Ia 4500
008 200626s9999 xx 000 0 und d
020 _a971-23-3291-8
245 _aCommercial laws of the philippines:
_bVolume II:/
260 _aManila:
_bRex Book Store, Inc.
_c2001
300 _axlvi, 678 pages
999 _c363872
_d363872